Modelirovanije ekonomičeskich sistem s raspredelennym lagom

Guardado en:
Detalles Bibliográficos
Autor principal: Korchin, Arnol'd Samuilovič
Formato: Libro
Lenguaje:ruso
Publicado: Moskva Finansy i statistika 1981
Colección:Matematičeskaja statistika dlja ekonomistov
Etiquetas: Agregar Etiqueta
Sin Etiquetas, Sea el primero en etiquetar este registro!

MARC

LEADER 00000nam a2200000 4500
001 c134779
005 20041019155302.2
041 0 |a rus 
044 |a RU 
245 1 0 |a Modelirovanije ekonomičeskich sistem s raspredelennym lagom  |c Arnol'd Samuilovič Korchin 
264 1 |a Moskva  |b Finansy i statistika  |c 1981 
300 |a 158 s. 
490 1 |a Matematičeskaja statistika dlja ekonomistov 
830 0 |a Matematičeskaja statistika dlja ekonomistov 
100 1 |a Korchin, Arnol'd Samuilovič